[Event "Unterfranken-ch Seniors 62th"]
[Site "Gerolzhofen"]
[Date "2011.04.28"]
[Round "3"]
[White "Renner, Guenter"]
[Black "Hantelmann, Rolf"]
[Result "1-0"]
[WhiteElo "791"]
[BlackElo "828"]
[PlyCount "78"]
[EventDate "2011.04.25"]
[EventType "tourn"]
[EventRounds "7"]
[EventCountry "GER"]
[SourceTitle "EXT 2015"]
[Source "ChessBase"]
[SourceDate "2014.11.20"]
[SourceVersion "1"]
[SourceVersionDate "2014.11.20"]
[SourceQuality "1"]

1. e4 e5 2. Nf3 Nc6 3. Bc4 Nf6 4. Nc3 Bc5 5. h3 d6 6. d3 h6 7. 0-0 Bd7 8. Qe1 Qe7 9. a3 a6 10. b4 Bd4 11. Nxd4 Nxd4 12. Qd2 0-0-0 13. Nd5 Nxd5 14. Bxd5 g5 15. Bb2 f6 16. Bxd4 exd4 17. c3 h5 18. Rac1 g4 19. h4 c6 20. Ba2 b5 21. c4 Kb7 22. g3 Qe5 23. c5 Rdf8 24. Qc2 Rh6 25. a4 f5 26. axb5 axb5 27. Bb3 Rhh8 28. Ra1 Kc7 29. Ba4 Rb8 30. Ra3 Rhf8 31. Rfa1 fxe4 32. Bxb5 Rxb5 33. Ra7+ Rb7 34. Qa4 Rfb8 35. Qa5+ Kc8 36. Qa6 e3 37. Rxb7 d5 38. Rxb8+ Kxb8 39. Qa8+ Kc7 1-0

[Event "Unterfranken-ch Seniors 62th"]
[Site "Gerolzhofen"]
[Date "2011.04.27"]
[Round "4"]
[White "Hassler, Guenther"]
[Black "Renner, Guenter"]
[Result "1-0"]
[WhiteElo "1758"]
[BlackElo "791"]
[PlyCount "55"]
[EventDate "2011.04.25"]
[EventType "tourn"]
[EventRounds "7"]
[EventCountry "GER"]
[SourceTitle "EXT 2015"]
[Source "ChessBase"]
[SourceDate "2014.11.20"]
[SourceVersion "1"]
[SourceVersionDate "2014.11.20"]
[SourceQuality "1"]

1. e4 e5 2. Nf3 Nc6 3. Bc4 h6 4. d4 d6 5. dxe5 Be6 6. Bxe6 fxe6 7. exd6 Bxd6 8. 0-0 Nf6 9. Nc3 a6 10. Re1 e5 11. Nd5 0-0 12. Nxf6+ Qxf6 13. c3 Rad8 14. Qc2 g5 15. h3 Rf7 16. Be3 Rg7 17. Qb3+ Kh8 18. Qxb7 g4 19. hxg4 Rxg4 20. Nh2 Rxg2+ 21. Kxg2 Rg8+ 22. Kh1 Ne7 23. Rg1 Rg6 24. Rxg6 Nxg6 25. Rg1 Nf4 26. Qc8+ Bf8 27. Bxf4 Qxf4 28. f3 1-0